Las ballenas cautivas
সংরক্ষণ করুন:
| প্রধান লেখক: | |
|---|---|
| বিন্যাস: | গ্রন্থ |
| ভাষা: | স্প্যানিশ |
| প্রকাশিত: |
Madrid
Ediciones SM
2007
|
| সংস্করন: | 30a. ed |
| মালা: | El Barco de Vapor, 71
|
| বিষয়গুলি: | |
| ট্যাগগুলো: |
ট্যাগ যুক্ত করুন
কোনো ট্যাগ নেই, প্রথমজন হিসাবে ট্যাগ করুন!
|
MARC
| LEADER | 00000cam a2200000 a 4500 | ||
|---|---|---|---|
| 001 | UCF7454 | ||
| 003 | CL-VaPUC | ||
| 008 | 130627e20070000SP |||||||||||||||||spa|d | ||
| 020 | |a 9788434829671 | ||
| 082 | 0 | 4 | |a Pe863 |b VIL |2 21 |
| 100 | 0 | |a Villanes Cairo, Carlos |e author |9 569495 | |
| 245 | 1 | 4 | |a Las ballenas cautivas |
| 250 | |a 30a. ed | ||
| 300 | |a 109 p | ||
| 942 | |c BK | ||
| 945 | |d 20130627 00:00:00 |a cmena | ||
| 260 | |a Madrid |b Ediciones SM |c 2007 | ||
| 650 | 7 | |a NOVELAS PERUANAS |2 CL-VaPUC |9 569496 | |
| 650 | 7 | |a NOVELAS INFANTILES |2 CL-VaPUC |9 545146 | |
| 650 | 0 | |a Literatura peruana |9 257452 | |
| 583 | |a last modification |c 20130627 13:18:00 |k Rodrigo Vera | ||
| 490 | 0 | |a El Barco de Vapor, 71 | |
| 999 | |c 352284 |d 352282 | ||